| 000 | 00476nam a2200181Ia 4500 | ||
|---|---|---|---|
| 005 | 20260429111943.0 | ||
| 008 | 260429s9999||||xx |||||||||||||| ||und|| | ||
| 020 | _a9788184115932 | ||
| 041 | _aEnglish | ||
| 082 |
_a664 _bSIN |
||
| 100 | _aSingh, Abhinit Kumar | ||
| 245 | 0 |
_aFood chemistry / _cAbhinit Kumar Singh |
|
| 260 |
_aNew Delhi : _bSonali Publications, _c2024. |
||
| 300 | _avii, 334 p.; hb | ||
| 650 | _a Chemistry | ||
| 650 | _aFood technology | ||
| 942 | _cTB | ||
| 999 |
_c51601 _d51601 |
||